Deskriptívna geometria úlohy na cvičenia

Bibliographic Details
Main Author: Rybár, Ján (matematik) (Author)
Format: Book
Language:Slovak
PhysicalDescription:198 s. sch. 29 cm
Published: Bratislava Slovenská vysoká škola technická, Strojnícka fakulta 1978
Edition:1. vyd., 2. dotl.
Subjects:

MARC

LEADER 00000cam a2200000 a 4500
001 vtls001114805
003 SK-MaSNL
005 20260301055346.0
008 250313s1978 xo a e 000 0 slo
015 |a SNBA1978 
020 |q (brož.) 
035 |a SNK000057648 
035 |a urn:nbn:sk:snk-amk0ot 
035 |a urn:nbn:sk:snk-am0088aq 
035 |a 9B6D5C87-459A-4895-9196-23469E9028FC 
040 |a SNK  |b slo  |c SNK  |e AACR2 
041 0 |a slo 
044 |a xo  |c SK 
080 |a 514.18(075.8)(076.5)  |2 1981 
245 0 0 |a Deskriptívna geometria  |b úlohy na cvičenia  |c autori: Ján Rybár ... [et al.] 
250 |a 1. vyd., 2. dotl. 
260 |a Bratislava  |b Slovenská vysoká škola technická, Strojnícka fakulta  |c 1978 
300 |a 198 s.  |b sch.  |c 29 cm 
366 |e 1000 výt. 
500 |a Voľné listy v prebale 
650 0 7 |a deskriptívna geometria  |2 SNKPH  |9 831 
655 7 |a učebnice vysokých škôl  |2 SNKPH  |9 70191 
655 7 |a praktické cvičenia  |2 SNKPH  |9 70517 
700 1 |a Rybár, Ján  |c (matematik)  |4 aut  |9 210118 
852 |a Slovenská národná knižnica 
958 |a OND 
999 |c 613180  |d 615110 
952 |t P60, <04>, [BOOK], {604}  |a SNK  |b SNK  |y VYP  |7 0  |p 17A0327375  |o snkSB 27934 D1  |i snkKSP 2082/79  |0 0  |1 0  |4 0  |d 2002-01-07  |l 0  |r 2004-12-31 00:00:00  |w 2026-02-23 
952 |a SNK  |b SNK  |y PREZ  |7 0  |p 17A0971468  |o snkSB 27934  |i snkKSP 2081/79  |0 0  |1 0  |4 0  |d 2012-07-25  |f 1  |l 0  |r 2025-04-01 00:00:00  |w 2026-02-23